00514nam a2200157 a 450000100100000000500170001000800410002704000250006808200160009311000760010913000180018524500240020326000490022730000210027665000590029700001650720200929164925.0100305s1920 dr 000 0 spa d aDO-SdBNPbspacBNPHU a353.7bR4261 aRepública Domincana.bSecretaria de Estado de Sanidad y Beneficiencia0 a[Leyes, etc.]10aCódigo sanitario. aSanto Domingo :bJ. R. Vda. García,c1920. a233 p. ;c25 cm. 4aSalud públicazRepública DominicanaxLegislación